书目信息 |
| 题名: |
当前的经济形势和今后经济建设的方针
|
|
| 作者: | 赵紫阳 报告 | |
| 分册: | ||
| 出版信息: | 北京 人民出版社 1981 |
|
| 页数: | 64页 | |
| 开本: | 19cm | |
| 丛书名: | ||
| 单 册: | ||
| 中图分类: | D623 | |
| 科图分类: | ||
| 主题词: | ||
| 电子资源: | ||
| ISBN: | ||
| 000 | 00784nam0 2200229 45 | |
| 001 | 0181002383 | |
| 005 | 20060816165203.37 | |
| 010 | @dCNY0.13 | |
| 091 | @aCN@b3001.1814 | |
| 100 | @a19950705d1981 em y0chiy0121 ea | |
| 101 | 0 | @achi |
| 102 | @aCN@b110000 | |
| 105 | @ay z 100yy | |
| 200 | 10 | @a当前的经济形势和今后经济建设的方针@Adang qian de jing ji xing shi he jin hou jing ji jian she de fang zhen@e一九八一年十一月三十日和十二月一日在第五届全国人民代表大会第四次会议上的政府工作报告@f赵紫阳报告 |
| 210 | @a北京@c人民出版社@d1981 | |
| 215 | @a64页@d19cm | |
| 601 | 12 | @a全国人民代表大会,第五届@x政府工作报告@y中国@z1981 |
| 690 | @aD623@v3 | |
| 701 | 0 | @a赵紫阳@Azhao zi yang@4报告 |
| 801 | 2 | @aCN@bNLC@c20060816 |
| 801 | 0 | @aCN@bTSSF@c20060802 |
| 905 | @a10447@dD623@e24 | |
| 当前的经济形势和今后经济建设的方针:一九八一年十一月三十日和十二月一日在第五届全国人民代表大会第四次会议上的政府工作报告/赵紫阳报告.-北京:人民出版社,1981 |
| 64页;19cm |
| ISBN :CNY0.13 |
| ● |
| 相关链接 |
|
|
|
|
正题名:当前的经济形势和今后经济建设的方针
索取号:D623/24
 
预约/预借
| 序号 | 登录号 | 条形码 | 馆藏地/架位号 | 状态 | 备注 |
| 1 | 0441332 | 204413321 | 密集书库/ [索取号:D623/24] | 在馆 | |
| 2 | 0441589 | 204415891 | 密集书库/ [索取号:D623/24] | 在馆 | |
| 3 | 0441647 | 204416471 | 密集书库/ [索取号:D623/24] | 在馆 | |
| 4 | 0441648 | 204416480 | 密集书库/ [索取号:D623/24] | 在馆 | |
| 5 | 0441649 | 204416499 | 密集书库/ [索取号:D623/24] | 在馆 | |
| 6 | 0441650 | 204416505 | 密集书库/ [索取号:D623/24] | 在馆 | |
| 7 | 0441651 | 204416514 | 密集书库/ [索取号:D623/24] | 在馆 | |
| 8 | 0465072 | 204650724 | 密集书库/ [索取号:D623/24] | 在馆 |